000 00908cab a2200241 4500
001 ABS42964
008 090401t1990 xxu||||| |||| 00| 0 eng d
035 _a(Sirsi) u39739
041 _aeng
100 _aAldridge, T.M.
245 _aInnovations in the Standard Conditions of Sale
260 _c1990
350 _a0
490 _aSolicitors` Journal
_v134(24) 15 June 1990, 674-676(2)
520 _aReviews and explains the new Standard Conditions of Sale of Land which have merged the old National Conditions of Sale and the Law Society Conditions of Sale covering deposits , exchange and title , insurance, completion and leasehold property.
650 _aCONVEYANCING
650 _aLANDLORD AND TENANT ACT 1988
650 _aLAW OF PROPERTY MISCELLANEOUS PROVISIONS ACT 1989
650 _aVENDOR AND PURCHASER
690 _aPROPERTY LAW AND PRACTICE
942 _n0
948 _c04/03/1997
999 _c25444
_d25444